[Event "Olimpiade 2014 - Open"]
[Site "Tromsø"]
[Date "08.08.2014"]
[Round "6.57"]
[Board "3"]
[White "Nyambalo, Joseph Xavier"]
[Black "Mellace, Andrew"]
[Result "1/2-1/2"]
[WhiteTitle "CM"]
[WhiteElo "2115"]
[BlackElo "2087"]
[WhiteTeam "Malawi"]
[BlackTeam "Jamaica"]
[WhiteFideId "20500041"]
[BlackFideId "7400055"]
[EventDate "2014.08.02"]

1. Nf3 d5 2. d4 c6 3. g3 g6 4. Bg2 Bg7 5. O-O Nd7 6. Re1 Ngf6 7. Nbd2 O-O 8. c4
Re8 9. cxd5 cxd5 10. Qb3 h6 11. Ne5 Nxe5 12. dxe5 Nd7 13. Bxd5 Nxe5 14. Nf3
Nxf3+ 15. Qxf3 e6 16. Bxb7 Bxb7 17. Qxb7 Qa5 18. Bf4 g5 19. Bd6 Qd2 20. Ba3 Reb8
21. Qf3 Bxb2 22. Red1 Qc3 23. Rd3 Qf6 24. Rad1 Qxf3 25. Rxf3 Bxa3 26. Rxa3 Rb2
27. Kf1 a5 28. Rd7 Rb1+ 29. Kg2 Rb2 30. Kf1 Rb1+ 31. Kg2 Rb2 32. Kf1 1/2-1/2

[Event "Olimpiade 2014 - Open"]
[Site "Tromsø"]
[Date "08.08.2014"]
[Round "6.58"]
[Board "1"]
[White "Husbands, Orlando"]
[Black "Domingos, Catarino"]
[Result "1/2-1/2"]
[WhiteTitle "FM"]
[BlackTitle "FM"]
[WhiteElo "2118"]
[BlackElo "2280"]
[WhiteTeam "Barbados"]
[BlackTeam "Angola"]
[WhiteFideId "11101644"]
[BlackFideId "10100253"]
[EventDate "2014.08.02"]

1. e4 e5 2. Nf3 Nc6 3. d4 exd4 4. Bc4 Nf6 5. e5 d5 6. Bb5 Ne4 7. Nxd4 Bd7 8.
Bxc6 bxc6 9. O-O Bc5 10. Be3 Bb6 11. Nc3 Nxc3 12. bxc3 O-O 13. Qd2 Re8 14. Bg5
Qc8 15. Qf4 c5 16. Ne2 Bb5 17. Rfe1 Qe6 18. a4 Bxe2 19. Rxe2 c6 20. Qg3 Bc7 21.
f4 Qg6 22. Rae1 c4 23. Qf3 Rab8 24. h4 Qf5 25. g4 Qd7 26. f5 Bxe5 27. Rxe5 Rxe5
28. Rxe5 f6 29. Bxf6 gxf6 30. Re6 c5 31. g5 fxg5 32. hxg5 d4 33. g6 d3 34. gxh7+
Kh8 35. Qg3 Rf8 36. Rg6 Qe8 37. cxd3 cxd3 38. c4 Qb8 39. Qxd3 Qb2 40. Qg3 Qc1+
41. Kh2 Qc2+ 42. Kg1 Qc1+ 43. Kg2 Qc2+ 44. Qf2 Qxf2+ 45. Kxf2 Rxf5+ 46. Ke3 Kxh7
47. Rc6 Kg7 48. Ke4 Rh5 49. Re6 Kf7 50. Re5 Rh6 51. Rxc5 Ra6 52. a5 Ke7 53. Rh5
Kd7 54. Kd4 Kc7 55. Kc3 Kb7 56. Rh7+ Kb8 57. Kb4 Rg6 58. Rd7 Rg1 59. Kb5 Rg6 60.
Kc5 Rg5+ 61. Kc6 Rg6+ 62. Rd6 Rg8 63. c5 Rc8+ 64. Kb5 Rh8 65. Rd7 Rc8 66. c6 Rg8
67. Rb7+ Kc8 68. Rxa7 Rg1 69. Rb7 Rb1+ 70. Ka6 Rc1 71. Kb6 Rb1+ 72. Ka7 Rc1 73.
Rb6 Kc7 74. a6 Rc2 75. Rb7+ Kxc6 76. Kb8 Rh2 1/2-1/2

[Event "Olimpiade 2014 - Open"]
[Site "Tromsø"]
[Date "08.08.2014"]
[Round "6.58"]
[Board "2"]
[White "Agnelo, Amorim"]
[Black "Denny, Kevin"]
[Result "1-0"]
[WhiteTitle "IM"]
[BlackTitle "IM"]
[WhiteElo "2225"]
[BlackElo "2261"]
[WhiteTeam "Angola"]
[BlackTeam "Barbados"]
[WhiteFideId "10100180"]
[BlackFideId "11100028"]
[EventDate "2014.08.02"]

1. d4 Nf6 2. c4 g6 3. Nc3 Bg7 4. e4 d6 5. f3 O-O 6. Be3 a6 7. Qd2 Nbd7 8. Nge2
c5 9. d5 b5 10. cxb5 Qa5 11. Nc1 axb5 12. Nxb5 Qb6 13. Nc3 Ba6 14. Bxa6 Qxa6 15.
Nd3 Rfb8 16. O-O Ne8 17. Rfc1 Nc7 18. Rc2 Nb5 19. Nxb5 Qxb5 20. a3 Nb6 21. Rac1
Qb3 22. Bf2 Na4 23. h4 h5 24. Kh1 Rb7 25. Qe2 Rab8 26. e5 Qxd5 27. exd6 exd6 28.
b4 cxb4 29. Nxb4 Qb5 30. Qd2 Qd7 31. Bg3 Re8 32. Rd1 Qf5 33. Rc6 d5 34. Qxd5
Qxd5 35. Nxd5 Rb3 36. Bd6 Re2 37. Ra6 Nb2 38. Rb1 Rd2 39. Nf4 Rd1+ 40. Rxd1 Nxd1
41. Nh3 Rb1 42. Ra8+ Kh7 43. Ng5+ Kh6 44. Nxf7+ Kh7 45. Ng5+ Kh6 46. Kh2 Ne3 47.
Bf4 Nd5 48. Nf7+ Kh7 49. Be5 Bxe5+ 50. Nxe5 Rb7 51. a4 Re7 52. Nc4 Rc7 53. Nd6
Ne3 54. Re8 Nd5 55. Ne4 Ra7 56. Nc5 Ra5 57. Rc8 Kg7 58. Rc6 Kf7 59. Kg3 Ne7 60.
Rc7 Ke8 61. Kf2 Ra8 62. Rb7 Nd5 63. g4 hxg4 64. fxg4 Nc3 65. Rg7 Ra5 66. Nd3 Ra6
67. Ne5 Kf8 68. Rxg6 Rxa4 69. h5 Re4 70. h6 Re2+ 71. Kg1 Re1+ 72. Kg2 Re2+ 73.
Kf3 Rh2 74. g5 Nd5 75. Rg7 Ne7 76. Ng6+ Nxg6 77. Rxg6 Rh4 78. Ra6 Kg8 79. Kg3
Rh1 80. Kg4 Kh7 81. Ra7+ Kg8 82. Kf5 Rb1 83. Re7 Rb6 84. g6 Rb8 85. h7+ Kh8 86.
Re5 Rf8+ 87. Kg5 1-0

[Event "Olimpiade 2014 - Open"]
[Site "Tromsø"]
[Date "08.08.2014"]
[Round "6.58"]
[Board "3"]
[White "Del Castilho, Martyn"]
[Black "Simoes, Joao ANG"]
[Result "1/2-1/2"]
[WhiteTitle "FM"]
[BlackTitle "CM"]
[WhiteElo "2221"]
[BlackElo "2245"]
[WhiteTeam "Barbados"]
[BlackTeam "Angola"]
[WhiteFideId "11100400"]
[BlackFideId "10100520"]
[EventDate "2014.08.02"]

1. e4 e6 2. d4 d5 3. Nd2 dxe4 4. Nxe4 Bd7 5. Nf3 Bc6 6. Bd3 Nd7 7. Qe2 Ngf6 8.
Neg5 h6 9. Nxe6 fxe6 10. Bg6+ Ke7 11. Nh4 Nb6 12. c4 Nxc4 13. Qxc4 Qd5 14. Qxd5
Bxd5 15. O-O Kd7 16. Bd3 g5 17. Ng6 Rg8 18. Ne5+ Kc8 19. Bc4 Bd6 20. Bxd5 Nxd5
21. f4 b6 22. fxg5 hxg5 23. Bd2 Kb7 24. Rae1 Rae8 25. g3 Rg7 26. Kg2 g4 27. Re4
Bxe5 28. Rxe5 Kc6 29. Rfe1 Kd7 30. Rg5 Rxg5 31. Bxg5 Rg8 32. Bf4 a5 33. Be5 Rg6
34. h3 gxh3+ 35. Kxh3 Rh6+ 36. Kg2 Ne7 37. g4 Rg6 38. Kg3 c6 39. Rh1 c5 40. dxc5
bxc5 41. Rh7 Ke8 42. Kh4 Rg8 43. Kh5 Ng6 44. Bg7 Nf8 45. Bxf8 Rxf8 46. g5 Rf2
47. Rb7 a4 48. a3 Kf8 49. Kh6 e5 50. Rb5 e4 51. Rxc5 e3 52. Re5 Rxb2 53. Rxe3
Rb3 54. Re4 Rxa3 55. Rf4+ Kg8 56. Kg6 Rb3 57. Rf6 Rb7 58. Ra6 Rg7+ 59. Kf5 Rf7+
60. Kg4 Rb7 61. Rxa4 Kg7 62. Kh5 Rc7 63. Ra5 Rb7 1/2-1/2

[Event "Olimpiade 2014 - Open"]
[Site "Tromsø"]
[Date "08.08.2014"]
[Round "6.58"]
[Board "4"]
[White "Aguiar, Cristiano"]
[Black "Poon, Yu Tien"]
[Result "1-0"]
[WhiteTitle "FM"]
[BlackTitle "FM"]
[WhiteElo "1993"]
[BlackElo "2070"]
[WhiteTeam "Angola"]
[BlackTeam "Barbados"]
[WhiteFideId "10100911"]
[BlackFideId "11101393"]
[EventDate "2014.08.02"]

1. e4 c5 2. Nf3 d6 3. Bb5+ Bd7 4. Bxd7+ Nxd7 5. O-O Ngf6 6. Re1 e6 7. c3 Be7 8.
d4 O-O 9. e5 Ne8 10. Bf4 cxd4 11. cxd4 dxe5 12. Nxe5 Nef6 13. Nc3 Nb6 14. Qf3
Nbd5 15. Bg5 Qd6 16. Bxf6 Bxf6 17. Ne4 Qe7 18. Rac1 Rac8 19. a3 Rc7 20. Nc3 Rd8
21. Nb5 Rxc1 22. Rxc1 a6 23. Nc3 Nxc3 24. Qxc3 Qd6 25. Nf3 g6 26. Qb3 b5 27. Rd1
Qb6 28. Qe3 Rd5 29. h3 e5 30. Qe4 Qd6 31. Rd3 exd4 32. b4 Kg7 33. Kf1 Qe6 34.
Qf4 Qd6 35. Qd2 Qc6 36. g4 Kg8 37. Kg2 h5 38. Kg1 hxg4 39. hxg4 Qd7 40. Qf4 Qd6
41. Qe4 Qe6 42. Qf4 g5 43. Qg3 Qe4 44. Nd2 Qe1+ 45. Kg2 Be5 46. Qf3 Rd6 47. Qa8+
Kg7 48. Nf3 Qc1 49. Nxe5 Qf4 50. Rh3 Kf6 51. Rf3 Kxe5 52. Rxf4 Kxf4 53. Qf3+ Ke5
54. Qf5# 1-0

[Event "Olimpiade 2014 - Open"]
[Site "Tromsø"]
[Date "08.08.2014"]
[Round "6.59"]
[Board "1"]
[White "Baules, Jorge"]
[Black "Kulpruethanon, Thanadon"]
[Result "1-0"]
[WhiteTitle "IM"]
[WhiteElo "2317"]
[BlackElo "2143"]
[WhiteTeam "Panama"]
[BlackTeam "Thailand"]
[WhiteFideId "6600247"]
[BlackFideId "6201610"]
[EventDate "2014.08.02"]

1. e4 c6 2. d4 d5 3. exd5 cxd5 4. c4 Nf6 5. Nc3 e6 6. Nf3 Be7 7. cxd5 Nxd5 8.
Bc4 Nf6 9. O-O O-O 10. Re1 Nc6 11. a3 b6 12. d5 exd5 13. Nxd5 Nxd5 14. Qxd5 Bb7
15. Qh5 g6 16. Qh6 Nd4 17. Nxd4 Qxd4 18. Rxe7 Qd1+ 19. Bf1 Ba6 20. Bd2 Qxa1 21.
Re1 Qxb2 22. Bxa6 Rfe8 23. Rf1 Rad8 24. Bb4 Qb3 25. Qc1 Qa4 26. Qc4 Re5 27. Qc7
Ree8 28. Qc4 Re5 29. h3 h5 30. Qc7 Ree8 31. Bc4 Rd7 32. Qg3 Kh7 33. Qg5 Rd1 34.
Rxd1 Qxd1+ 35. Kh2 Qd4 36. Bxf7 Qe5+ 37. Qg3 Qxg3+ 38. Kxg3 Rd8 39. Kh4 a5 40.
Bc3 Rf8 41. Bd5 Rxf2 42. g4 hxg4 43. hxg4 Rh2+ 44. Kg3 Rc2 45. Bf6 b5 46. Kf3 b4
47. axb4 axb4 48. Ke3 Rh2 49. Kd3 Rh3+ 50. Kc2 Rg3 51. g5 Rh3 52. Kb2 Rb3+ 53.
Kc2 Rg3 54. Bf7 Rh3 55. Be5 Rh5 56. Bf4 Rh3 57. Bd5 Kg7 58. Kb2 Kh7 59. Bb3 Rf3
60. Bd2 Rg3 61. Kc2 Kg7 62. Bf4 Rg4 63. Be5+ Kh7 64. Bf6 Rg3 65. Be6 Rb3 66.
Bg8+ 1-0

[Event "Olimpiade 2014 - Open"]
[Site "Tromsø"]
[Date "08.08.2014"]
[Round "6.59"]
[Board "2"]
[White "Kongsee, Uaychai"]
[Black "Sanchez, Jorge"]
[Result "1-0"]
[BlackTitle "FM"]
[WhiteElo "2251"]
[BlackElo "2090"]
[WhiteTeam "Thailand"]
[BlackTeam "Panama"]
[WhiteFideId "6200346"]
[BlackFideId "6600280"]
[EventDate "2014.08.02"]

1. e4 d6 2. d4 Nf6 3. Nc3 g6 4. f3 a6 5. Be3 b5 6. Qd2 Nbd7 7. g4 Nb6 8. h4 h5
9. g5 Nfd7 10. b3 Bg7 11. Nge2 Bb7 12. Bg2 Rc8 13. O-O O-O 14. f4 c5 15. f5 Qc7
16. dxc5 dxc5 17. Rad1 Rfd8 18. Nf4 Nf8 19. Ncd5 Nxd5 20. exd5 c4 21. Qf2 Rd6
22. fxg6 fxg6 23. Bh3 cxb3 24. cxb3 e5 25. Rc1 Qd8 26. Nxh5 gxh5 27. Qf7+ Kh8
28. Qxh5+ Nh7 29. Bxc8 Bxc8 30. g6 1-0

[Event "Olimpiade 2014 - Open"]
[Site "Tromsø"]
[Date "08.08.2014"]
[Round "6.59"]
[Board "3"]
[White "Esquivel Golcher, Luis"]
[Black "Wiwatanadate, Poompong"]
[Result "0-1"]
[WhiteTitle "FM"]
[WhiteElo "2173"]
[BlackElo "2106"]
[WhiteTeam "Panama"]
[BlackTeam "Thailand"]
[WhiteFideId "6600174"]
[BlackFideId "6201083"]
[EventDate "2014.08.02"]

1. e4 e5 2. Nf3 Nc6 3. d4 exd4 4. Nxd4 Bc5 5. Nb3 Bb6 6. Nc3 d6 7. Nd5 Nf6 8.
Nxb6 axb6 9. Bd3 Be6 10. Bf4 O-O 11. O-O Ra4 12. Nd2 Qa8 13. a3 Ne5 14. Bg5 Nxd3
15. cxd3 Nd7 16. Rc1 Nc5 17. Qf3 Qa6 18. Rc3 Rd4 19. Nc4 Rxd3 20. Rxd3 Nxd3 21.
Ne3 Ne5 22. Qg3 Ng6 23. Rc1 f6 24. Bf4 Nxf4 25. Qxf4 Rf7 26. h4 Qb5 27. b4 Qe5
28. Qf3 Qb2 29. Rd1 Qxa3 30. e5 fxe5 31. Qxb7 Qxb4 32. Qb8+ Rf8 33. Qxc7 Qxh4
34. g3 Qf6 35. Rd2 d5 36. Qxb6 d4 37. Ng2 Bd5 38. Qxf6 Rxf6 39. Ne1 Be4 40. f4
Rh6 41. Ng2 Bxg2 42. Kxg2 exf4 43. Rxd4 fxg3 44. Rd8+ Kf7 45. Rd7+ Kf6 46. Rd6+
Kg5 47. Rd5+ Kf4 48. Rd4+ Kf5 49. Rd5+ Ke4 50. Ra5 Rg6 51. Ra4+ Kf5 52. Ra5+ Kg4
53. Ra4+ Kh5 54. Ra1 Rb6 55. Ra5+ Kg6 56. Ra3 h5 57. Ra4 Kh6 58. Kxg3 g5 59. Ra8
Rb3+ 60. Kg2 h4 61. Rh8+ Kg6 62. Ra8 Kh5 63. Ra4 Rb2+ 64. Kg1 h3 0-1

[Event "Olimpiade 2014 - Open"]
[Site "Tromsø"]
[Date "08.08.2014"]
[Round "6.59"]
[Board "4"]
[White "Thanarotrung, Ratchaphon"]
[Black "Fuentes, Adrian"]
[Result "1/2-1/2"]
[WhiteElo "1951"]
[BlackElo "2105"]
[WhiteTeam "Thailand"]
[BlackTeam "Panama"]
[WhiteFideId "6201059"]
[BlackFideId "6600875"]
[EventDate "2014.08.02"]

1. d4 d5 2. c4 c6 3. Nc3 Nf6 4. Nf3 a6 5. cxd5 cxd5 6. Bg5 Ne4 7. Bf4 Nxc3 8.
bxc3 Nc6 9. g3 e6 10. Bg2 Be7 11. O-O O-O 12. Ne5 Bd7 13. c4 Nxe5 14. Bxe5 Bc6
15. c5 Bf6 16. Bxf6 Qxf6 17. Rb1 Qe7 18. e3 Rfc8 19. Re1 Qd7 20. Rb6 Re8 21. Qg4
Rad8 22. Reb1 f5 23. Qf4 g6 24. Qe5 Ra8 25. Bf1 Re7 26. Be2 Qc7 27. Qxc7 Rxc7
28. Bd1 Ra7 29. Be2 Kf7 30. Kf1 Kf6 31. f4 h6 32. R1b3 g5 33. Ra3 Ra8 34. Kf2 g4
35. Bd1 Rh8 36. Ba4 Bxa4 37. Rxa4 Rhh7 38. Rab4 h5 39. Rb1 h4 40. Kg2 hxg3 41.
hxg3 Rhe7 42. a4 Rg7 43. Rd6 Rgd7 44. Rdb6 Rg7 45. Rf1 Rge7 46. a5 Rh7 47. Rfb1
Rhe7 48. Rd6 Red7 1/2-1/2

[Event "Olimpiade 2014 - Open"]
[Site "Tromsø"]
[Date "08.08.2014"]
[Round "6.60"]
[Board "1"]
[White "Lim, Yee-Weng"]
[Black "Mueller, Leonhard"]
[Result "1-0"]
[WhiteTitle "IM"]
[BlackTitle "FM"]
[WhiteElo "2311"]
[BlackElo "2183"]
[WhiteTeam "Malaysia"]
[BlackTeam "Namibia"]
[WhiteFideId "5700590"]
[BlackFideId "15200019"]
[EventDate "2014.08.02"]

1. e4 c5 2. Nf3 Nc6 3. Bb5 e6 4. O-O Nge7 5. Re1 a6 6. Bf1 Ng6 7. c3 Be7 8. d4
cxd4 9. cxd4 d5 10. Bd3 Nb4 11. e5 Nxd3 12. Qxd3 O-O 13. Nc3 Bd7 14. a3 Rc8 15.
g3 f6 16. h4 f5 17. Bg5 h6 18. Bxe7 Nxe7 19. Kg2 Qb6 20. Ne2 Ba4 21. Rec1 Bb5
22. Qb3 Rc6 23. Rxc6 Nxc6 24. Re1 Rc8 25. a4 Na5 26. Qb4 Rc4 27. Qe7 Bxa4 28.
Nf4 Rc6 29. Qe8+ Kh7 30. Ng5+ hxg5 31. hxg5 1-0

[Event "Olimpiade 2014 - Open"]
[Site "Tromsø"]
[Date "08.08.2014"]
[Round "6.60"]
[Board "2"]
[White "Eichab, Charles"]
[Black "Teh, Eu Wen Aron"]
[Result "1/2-1/2"]
[WhiteTitle "CM"]
[WhiteElo "2048"]
[BlackElo "2309"]
[WhiteTeam "Namibia"]
[BlackTeam "Malaysia"]
[WhiteFideId "15200051"]
[BlackFideId "5704723"]
[EventDate "2014.08.02"]

1. e4 e5 2. Nf3 Nc6 3. Nc3 Nf6 4. g3 Bc5 5. Bg2 d6 6. d3 a6 7. O-O O-O 8. h3 h6
9. Nh4 Be6 10. Nf5 Nd4 11. Nxd4 Bxd4 12. Ne2 Ba7 13. c4 c6 14. Kh2 d5 15. cxd5
cxd5 16. f4 exf4 17. Nxf4 dxe4 18. dxe4 Bc4 19. Rh1 Qd4 20. Nd5 Rfd8 21. Qxd4
Bxd4 22. Rd1 Be5 23. Be3 Nxd5 24. exd5 Bxb2 25. Rab1 Be5 26. Rxb7 Bxa2 27. Bb6
Rdb8 28. d6 Bf6 29. Bc7 Rf8 30. Bc6 Be6 31. Rdb1 Be5 32. R7b6 Rac8 33. Rxa6 Rxc7
34. dxc7 Bxc7 35. Ra8 Rxa8 36. Bxa8 g6 37. Kg2 h5 38. h4 Kg7 39. Bf3 Bd6 40. Rd1
Be5 41. Bd5 Bxd5+ 42. Rxd5 Kf6 43. Kf3 Bb8 44. Rb5 Bc7 45. g4 hxg4+ 46. Kxg4 Be5
47. Rb6+ Kg7 48. h5 gxh5+ 49. Kf5 Bd4 50. Rd6 Bc5 51. Rc6 Be7 52. Rc7 Kf8 53.
Rc8+ Kg7 54. Rc7 Kf8 55. Rc8+ Kg7 56. Rc7 1/2-1/2

[Event "Olimpiade 2014 - Open"]
[Site "Tromsø"]
[Date "08.08.2014"]
[Round "6.60"]
[Board "4"]
[White "Handjaba, Mclean"]
[Black "Nayan, Ahmad Fadzil"]
[Result "0-1"]
[WhiteTitle "CM"]
[WhiteElo "2139"]
[BlackElo "2121"]
[WhiteTeam "Namibia"]
[BlackTeam "Malaysia"]
[WhiteFideId "15200515"]
[BlackFideId "5702615"]
[EventDate "2014.08.02"]

1. e4 c5 2. Nf3 Nc6 3. d4 cxd4 4. Nxd4 e5 5. Nb3 Nf6 6. Bg5 h6 7. Bxf6 Qxf6 8.
Be2 Bb4+ 9. c3 Be7 10. N1d2 O-O 11. Nc4 d6 12. Ne3 Qg6 13. Bf3 f5 14. exf5 Bxf5
15. Nxf5 Qxf5 16. Qd5+ Kh8 17. O-O Rad8 18. Rad1 Qf7 19. Qb5 Bh4 20. Bxc6 bxc6
21. Qxc6 Bxf2+ 22. Kh1 Qh5 23. Qd5 Rf4 24. h3 Qh4 25. Qe6 Rf6 26. Qe7 Rdf8 27.
Rxd6 e4 28. Rxf6 Rxf6 29. Qd8+ Kh7 30. Nc1 Bd4 31. Rxf6 Qe1+ 32. Kh2 Bg1+ 33.
Kh1 Bf2+ 0-1

[Event "Olimpiade 2014 - Open"]
[Site "Tromsø"]
[Date "08.08.2014"]
[Round "6.61"]
[Board "1"]
[White "Yaaqoub, Rashid"]
[Black "Ranaivoharisoa, Alain"]
[Result "1-0"]
[WhiteTitle "FM"]
[BlackTitle "IM"]
[WhiteElo "2164"]
[BlackElo "2183"]
[WhiteTeam "Sudan"]
[BlackTeam "Madagascar"]
[WhiteFideId "12200336"]
[BlackFideId "13100025"]
[EventDate "2014.08.02"]

1. e4 c5 2. d4 cxd4 3. c3 d3 4. Bxd3 Nc6 5. Nf3 g6 6. O-O Bg7 7. Qe2 d6 8. Rd1
Qc7 9. Na3 Nf6 10. Nb5 Qb8 11. h3 O-O 12. Bf4 a6 13. Na3 b5 14. Nc2 Bb7 15. Bh2
Nd7 16. Ne3 Nb6 17. Bc2 Qc7 18. h4 Rac8 19. h5 b4 20. hxg6 hxg6 21. Ng5 bxc3 22.
bxc3 Ne5 23. Bxe5 dxe5 24. Qg4 e6 25. Qh4 Rfe8 26. Rab1 Rcd8 27. Rxd8 Rxd8 28.
Ng4 Nd7 29. Nxe6 fxe6 30. Rxb7 Qxb7 31. Qxd8+ Nf8 32. Bb3 Kf7 33. Qd3 Qc6 34.
Qf3+ Ke7 35. Qe3 Qd6 36. Kh2 Kf7 37. Qa7+ Kg8 38. Ne3 Bh6 39. Nc4 Qd3 40. Qe7
Qxe4 41. Qf7+ Kxf7 42. Nd6+ Ke7 43. Nxe4 Nd7 44. g3 Bc1 45. Kg2 Ba3 46. Kf3 Nc5
47. Nd2 Bb2 48. c4 Bc3 49. Nf1 Bd4 50. Bc2 Kf6 51. Nh2 a5 52. Ke2 Bc3 53. Ke3
Bd4+ 54. Kd2 Bb2 55. Nf3 e4 56. Nh2 Ke5 57. f3 exf3 58. Nxf3+ Kf6 59. Ke3 e5 60.
Nh4 Bd4+ 61. Kf3 g5 62. Nf5 Ke6 63. Nh6 Kf6 64. Ng4+ Ke6 65. Be4 Kd6 66. Bd5 Ke7
67. Nh6 Bc3 68. Kg4 Bd2 69. Kf5 Be1 70. g4 Bd2 71. Kxe5 Kd7 72. Kf5 1-0

[Event "Olimpiade 2014 - Open"]
[Site "Tromsø"]
[Date "08.08.2014"]
[Round "6.61"]
[Board "2"]
[White "Rajaonarison, Faniry"]
[Black "Ahmed, Abuzied"]
[Result "0-1"]
[WhiteTitle "CM"]
[WhiteElo "2112"]
[BlackElo "2154"]
[WhiteTeam "Madagascar"]
[BlackTeam "Sudan"]
[WhiteFideId "13100424"]
[BlackFideId "12200590"]
[EventDate "2014.08.02"]

1. e4 c5 2. Nf3 g6 3. d4 cxd4 4. Nxd4 Bg7 5. Be3 Nf6 6. Nc3 Nc6 7. Be2 O-O 8.
Qd2 d5 9. Rd1 dxe4 10. Nxc6 Qxd2+ 11. Rxd2 bxc6 12. O-O Be6 13. Bc5 Rfe8 14. b3
Bh6 15. Rdd1 Bf5 16. Ba6 Nd7 17. Be3 Bxe3 18. fxe3 Nc5 19. Bc4 a5 20. Rd4 h5 21.
h3 e5 22. Rd6 Rac8 23. g4 hxg4 24. hxg4 Be6 25. Bxe6 Rxe6 26. Rxe6 Nxe6 27. Nxe4
Rd8 28. Kg2 Kg7 29. a4 c5 30. Rf2 c4 31. bxc4 Kf8 32. c5 Ke7 33. c6 Nc7 34. Kf1
Nd5 35. Ke2 Nb6 36. Nc5 Rc8 37. Nd3 Nc4 38. Nc5 Rxc6 39. Nb3 Nb6 40. Kd3 Rc4 41.
e4 Rxa4 42. g5 Ra3 43. Kc3 Ra4 44. Kd3 Nc4 45. c3 Nd6 46. Nc5 Rc4 47. Nb7 0-1

[Event "Olimpiade 2014 - Open"]
[Site "Tromsø"]
[Date "08.08.2014"]
[Round "6.61"]
[Board "3"]
[White "Ahmed Holi Ali, Moawia"]
[Black "Rakotoniaina, Antsiva"]
[Result "1-0"]
[WhiteTitle "CM"]
[WhiteElo "2067"]
[BlackElo "2014"]
[WhiteTeam "Sudan"]
[BlackTeam "Madagascar"]
[WhiteFideId "12200328"]
[BlackFideId "13100173"]
[EventDate "2014.08.02"]

1. e4 c5 2. Ne2 e6 3. d4 cxd4 4. Nxd4 Nf6 5. Nc3 Bb4 6. Bd3 Nc6 7. Nxc6 bxc6 8.
Bd2 d5 9. e5 Nd7 10. Qg4 Bf8 11. f4 Qb6 12. Nd1 Nc5 13. Qf3 Nxd3+ 14. Qxd3 Ba6
15. Qb3 Rb8 16. Qxb6 Rxb6 17. b3 Ba3 18. Be3 c5 19. c3 Rb7 20. Bc1 Bxc1 21. Rxc1
f6 22. exf6 gxf6 23. Kf2 Re7 24. Ne3 Bb7 25. Rcd1 Rd7 26. Rhe1 Kf7 27. Rd2 Rhd8
28. Red1 h5 29. h3 d4 30. cxd4 cxd4 31. Nc2 e5 32. fxe5 fxe5 33. Kg3 Rd6 34. Kh4
Be4 35. Ne1 Rf6 36. g3 Ke6 37. Rc1 Rf1 38. Re2 d3 39. Rxe4 d2 40. Rd1 dxe1=Q 41.
Rdxe1 Rxe1 42. Rxe1 Rd3 43. Rg1 e4 44. Kxh5 e3 45. h4 e2 46. Re1 Re3 47. g4 Kf6
48. g5+ Kf5 49. Kh6 Re6+ 50. Kg7 Re4 51. g6 Re7+ 52. Kf8 Kf6 53. h5 a5 54. a3
Re3 55. g7 Rxb3 56. Rxe2 Rb8+ 57. Re8 Rxe8+ 58. Kxe8 Kxg7 59. Kd7 Kh6 60. Kc6
Kxh5 61. Kb5 1-0

[Event "Olimpiade 2014 - Open"]
[Site "Tromsø"]
[Date "08.08.2014"]
[Round "6.61"]
[Board "4"]
[White "Ramasindraibe, Girard"]
[Black "Abdel Wahab, Elkhatem"]
[Result "0-1"]
[WhiteTitle "CM"]
[WhiteElo "2065"]
[BlackElo "2093"]
[WhiteTeam "Madagascar"]
[BlackTeam "Sudan"]
[WhiteFideId "13100254"]
[BlackFideId "12200239"]
[EventDate "2014.08.02"]

1. e4 c5 2. Nf3 d6 3. d4 cxd4 4. Nxd4 Nf6 5. Nc3 a6 6. Bg5 e6 7. f4 Qb6 8. Qd2
Qxb2 9. Rb1 Qa3 10. Be2 Nbd7 11. O-O Be7 12. Kh1 Qa5 13. Rf3 h6 14. Rh3 Nc5 15.
e5 dxe5 16. fxe5 Nd5 17. Bxe7 Nxe7 18. Qe3 Nd7 19. Nf3 Nf5 20. Qd2 Nxe5 21. Nxe5
Qxe5 22. Rd1 O-O 23. g4 Ne7 24. Rh5 f5 25. g5 b5 26. Bf3 Ra7 27. Re1 Rd7 28.
Rxe5 Rxd2 29. gxh6 g6 30. Rg5 Kh7 31. Rg2 Rxg2 32. Kxg2 Kxh6 33. a4 bxa4 34.
Nxa4 Kg5 35. Nc5 Kf6 36. Re3 Rd8 37. Rc3 e5 38. Kf2 e4 39. Be2 Rd6 40. Ra3 Rd2
41. Rc3 a5 42. Ke1 Rd5 43. Bb5 Ke5 44. Be8 Kd4 45. Na4 Bd7 46. Bxd7 Rxd7 47. Rc5
Ra7 48. Ke2 e3 49. c3+ Ke4 50. Rc4+ Kd5 51. Nb6+ Kd6 52. Kxe3 Nd5+ 53. Nxd5 Kxd5
54. Ra4 Kc5 55. c4 Kb6 56. Kd4 Rh7 57. Ra2 Ra7 58. c5+ Kc6 59. Re2 Ra6 60. Re6+
Kb5 61. Re2 a4 62. Rb2+ Kc6 63. Rg2 Kd7 64. Kc4 a3 65. Kb3 a2 66. Rxa2 Rxa2 67.
Kxa2 f4 0-1

[Event "Olimpiade 2014 - Open"]
[Site "Tromsø"]
[Date "08.08.2014"]
[Round "6.62"]
[Board "1"]
[White "Li, Hui"]
[Black "Phillips, Roy"]
[Result "1/2-1/2"]
[BlackTitle "FM"]
[WhiteElo "1944"]
[BlackElo "2272"]
[WhiteTeam "Macau"]
[BlackTeam "Mauritius"]
[WhiteFideId "15400310"]
[BlackFideId "404136"]
[EventDate "2014.08.02"]

1. e4 d6 2. d4 Nf6 3. Nc3 e5 4. dxe5 dxe5 5. Qxd8+ Kxd8 6. Bg5 Be6 7. O-O-O+ Nd7
8. f4 exf4 9. Nf3 h6 10. Bxf4 Bb4 11. Nb5 Ba5 12. Ne5 g5 13. Bg3 Bb6 14. Bc4 Rh7
15. Nxd7 Nxd7 16. Bxe6 fxe6 17. Rhf1 Kc8 18. Rd3 a6 19. Na3 Kb8 20. Nc4 Ka7 21.
Nxb6 cxb6 22. Bd6 Rc8 23. e5 Rc4 24. Rc3 Rxc3 25. bxc3 b5 26. Kd2 Kb6 27. Ke2
Kc6 28. Rf3 Nb6 29. Rf6 Kd5 30. Rf8 Nc4 31. Rd8 Nxe5 32. Bxe5+ Kxe5 33. Ke3 Rc7
34. Kd3 Rf7 35. Rh8 Rf2 36. Rxh6 Rxg2 37. Rh7 g4 38. Rg7 Kf5 39. Rh7 Ke5 40. Rg7
Rxh2 41. Rxg4 Rh3+ 42. Kd2 Rh7 43. Rg1 Rd7+ 44. Ke3 Rc7 45. Kd3 Kd5 46. Rg8 Kc5
47. Rg5+ Kd6 48. Rg8 Ke5 49. Rb8 Rd7+ 50. Ke3 Kd5 51. a3 e5 52. Rc8 Rd6 53. Rb8
Rc6 54. Kd3 b6 55. Rd8+ Rd6 56. Rc8 a5 57. Ke3 Rc6 58. Rd8+ Kc4 59. Kd2 Rc5 60.
Rb8 Rd5+ 61. Kc1 Rd6 62. Rc8+ Kd5 63. Kd2 Ke4+ 64. Ke2 Rh6 65. Rd8 Rh2+ 66. Kd1
Ke3 67. Rd3+ Kf4 68. Rd6 e4 69. Rxb6 Ke3 70. Kc1 Rh5 71. Re6 Rc5 72. Rb6 Ke2 73.
Rh6 Rxc3 74. Rh2+ Ke3 75. Rh3+ Kd4 76. Rh5 Rc5 77. Rh3 e3 78. Rh4+ Kd5 79. Rh5+
Kd6 80. Rh6+ Ke7 81. Kd1 e2+ 82. Kxe2 Rxc2+ 83. Kd1 Rc5 84. Kd2 Kd7 85. Rg6 Rc6
86. Rg5 Rb6 87. a4 bxa4 88. Rxa5 Rb4 89. Kc3 Rh4 90. Kb2 Kc7 91. Ka3 Kb6 92.
Rxa4 Rxa4+ 1/2-1/2

[Event "Olimpiade 2014 - Open"]
[Site "Tromsø"]
[Date "08.08.2014"]
[Round "6.62"]
[Board "2"]
[White "Chinasamy, Devarajen"]
[Black "Punongbayan, Hexilon Dela Cruz"]
[Result "1/2-1/2"]
[WhiteTitle "CM"]
[WhiteElo "2085"]
[BlackElo "2074"]
[WhiteTeam "Mauritius"]
[BlackTeam "Macau"]
[WhiteFideId "9700072"]
[BlackFideId "15400409"]
[EventDate "2014.08.02"]

1. e4 c5 2. Nc3 Nc6 3. Bb5 Nd4 4. d3 Nxb5 5. Nxb5 g6 6. f4 Bg7 7. Nf3 Qa5+ 8.
Nc3 Bxc3+ 9. bxc3 Qxc3+ 10. Bd2 Qa3 11. O-O d6 12. Qe1 Bd7 13. Bc3 f6 14. e5
O-O-O 15. e6 Bc6 16. Ng5 Nh6 17. Nf3 Nf5 18. g4 Ne3 19. Qxe3 Qxc3 20. Qd2 Qxd2
21. Nxd2 Bd5 22. Rfe1 h5 23. c4 Bc6 24. g5 Rdf8 25. Rf1 h4 26. Rae1 fxg5 27.
fxg5 Rf5 28. Rxf5 gxf5 29. Rf1 Rf8 30. Rf4 d5 31. Rxh4 dxc4 32. Rxc4 b6 33. d4
Rd8 34. h4 Bd5 35. Rc2 Rh8 36. dxc5 Rxh4 37. cxb6+ Kb7 38. bxa7 Rg4+ 39. Kf2
Rxg5 40. Rc5 Bxe6 41. Rc7+ Ka8 42. Rxe7 Bxa2 43. Nf3 Rg6 44. Ne5 Ra6 45. Ke3
Rxa7 46. Rxa7+ 1/2-1/2